| 000 | 00700nam a22002177a 4500 | ||
|---|---|---|---|
| 999 |
_c18452 _d18452 |
||
| 003 | AR-CdUCM | ||
| 008 | 190514b ||||| |||| 00| 0 spa d | ||
| 040 |
_aMUNICIPALIDAD PROVINCIAL DEL CUSCO _cBIBLIOTECA MUNICIPAL DEL CUSCO |
||
| 082 |
_a985.009 / _bB982 |
||
| 100 |
_aBusto D., José A. del _916784 |
||
| 245 | _aFrancisco de Toledo / | ||
| 260 |
_aLima : _c1964. |
||
| 300 |
_a116 páginas ; _c20 cm. |
||
| 440 |
_aBiblioteca hombres del Perú segunda serie _939060 |
||
| 505 | _aContenido: Biografía de Francisco de Toledo. | ||
| 650 |
_aBiografía _922 |
||
| 650 |
_aFrancisco de Toledo _916782 |
||
| 650 |
_aHistoria del Perú _9259 |
||
| 942 |
_2ddc _cLIBROS |
||
| 945 |
_adavv _d2019-05-14 |
||